Working together for health and safety in construction (Record no. 111294)

MARC details
000 -LEADER
fixed length control field 01143cad a22001935a 4500
001 - CONTROL NUMBER
control field L151323
008 - FIXED-LENGTH DATA ELEMENTS--GENERAL INFORMATION
fixed length control field 101021s2010 xxk f 000 0 eng d
035 ## - SYSTEM CONTROL NUMBER
System control number (Sirsi) u151323
041 0# - LANGUAGE CODE
Language code of text/sound track or separate title eng
110 2# - MAIN ENTRY--CORPORATE NAME
Corporate name or jurisdiction name as entry element Great Britain
Subordinate unit Health and Safety Executive
245 00 - TITLE STATEMENT
Title Working together for health and safety in construction
Remainder of title an agreement for cooperation between the Health and Safety Executive (HSE) and the Building Control Alliance (BCA) in England and Wales
Medium [electronic resource]
260 ## - PUBLICATION, DISTRIBUTION, ETC.
Place of publication, distribution, etc. [S.l.]
Name of publisher, distributor, etc. HSE
Date of publication, distribution, etc. 2010
520 ## - SUMMARY, ETC.
Summary, etc. This agreement covers the provision of information on construction health and safety to clients, designers and contractors and the arrangements for handling concerns about health and safety standards on site; includes guidelines for dealing with health and safety concerns; duty of care; examples of matters of evident concern; suggested format for reporting concerns;
590 ## - LOCAL NOTE (RLIN)
Local note KA NTK
651 #4 - SUBJECT ADDED ENTRY--GEOGRAPHIC NAME
Geographic name England and Wales
Chronological subdivision 1543-
690 ## - LOCAL SUBJECT ADDED ENTRY--TOPICAL TERM (OCLC, RLIN)
Topical term or geographic name as entry element Health and safety
9 (RLIN) 6244
856 40 - ELECTRONIC LOCATION AND ACCESS
Uniform Resource Identifier <a href="https://www.hse.gov.uk/construction/resources/workingtogether.pdf">https://www.hse.gov.uk/construction/resources/workingtogether.pdf</a>
Public note View the item free of charge at www.hse.gov.uk
942 ## - ADDED ENTRY ELEMENTS (KOHA)
Suppress in OPAC 0
Holdings
Withdrawn status Lost status Source of classification or shelving scheme Damaged status Not for loan Home library Current library Shelving location Date acquired Total Checkouts Full call number Barcode Date last seen Copy number Price effective from Koha item type
    Dewey Decimal Classification     Virtual Virtual Online 21/10/2010   ONLINE PUBLICATION 151323-2001 06/08/2019 1 06/08/2019 Book